| 000 | 00543nam a2200205Ia 4500 | ||
|---|---|---|---|
| 005 | 20140426090852.0 | ||
| 008 | 140130s9999 xx 000 0 und d | ||
| 020 | _a0590461036 | ||
| 050 |
_aQC 73.4 _b.B47 1992 |
||
| 100 |
_aBerger, Melvin H. _931022 |
||
| 245 |
_cMelvin H. Berger _aSound, Heart and Light : _bEnergy at work / |
||
| 260 |
_bScholastic, _c1992. _aNew York : |
||
| 300 |
_a40 p. : _bcol. ill. ; _c22 cm. |
||
| 440 |
_v1 _931023 |
||
| 521 | _aG2 | ||
| 526 | _c360 | ||
| 942 |
_cBK _2lcc |
||
| 999 |
_c40188 _d40188 |
||